The fine art of using. (Record no. 10705)

000 -LEADER
fixed length control field 00557nam a2200193 a 4500
001 - CONTROL NUMBER
control field :::00008496$&:&@@
003 - CONTROL NUMBER IDENTIFIER
control field OkBaRHE
005 - DATE AND TIME OF LATEST TRANSACTION
control field 20000607103344.0
008 - FIXED-LENGTH DATA ELEMENTS--GENERAL INFORMATION
fixed length control field s1946 j 000 0 eng u
040 ## - CATALOGING SOURCE
Transcribing agency
100 1# - MAIN ENTRY--PERSONAL NAME
Personal name Sockman, Ralph Washington.
245 14 - TITLE STATEMENT
Title The fine art of using.
260 ## - PUBLICATION, DISTRIBUTION, ETC. (IMPRINT)
Place of publication, distribution, etc New York, NY., :
Name of publisher, distributor, etc The Methodist Church
Date of publication, distribution, etc 1946
300 ## - PHYSICAL DESCRIPTION
Extent 125 p.
650 ## - SUBJECT ADDED ENTRY--TOPICAL TERM
Topical term or geographic name as entry element Evangelism
650 ## - SUBJECT ADDED ENTRY--TOPICAL TERM
Topical term or geographic name as entry element Evangelistic Work
942 ## - ADDED ENTRY ELEMENTS (KOHA)
Source of classification or shelving scheme
Koha item type Books
Copies
Date last seen Barcode Permanent Location Lost status Copy number Date acquired Withdrawn status Source of classification or shelving scheme Koha item type Not for loan Damaged status Full call number Price effective from Shelving location
2010-04-148496RHEMA Bible Training College 12010-04-14  Books  BV 3790 .S72010-04-14General Stacks